000 00458pab a2200169 454500
008 180718b2005 xxu||||| |||| 00| 0 eng d
100 _aRai, Shankar Man
245 _aEstablishing joint special forces: tasks, training and equipping philosophies
260 _c2005
300 _ap.446-59.
362 _aJul-Sep
650 _aTraining - India
650 _aState security - India
650 _aState security
773 _aUSI Journal
909 _a67592
999 _c67592
_d67592